| 000 | 01643nam a22003497a 4500 | ||
|---|---|---|---|
| 001 | 720 | ||
| 005 | 20251218113637.0 | ||
| 020 | _a0060281715 | ||
| 020 | _a0060281723 (lib. bdg.) | ||
| 020 | _a0064451968 (pbk.) | ||
| 040 |
_aDLC _cDLC _dDLC _beng |
||
| 050 | 0 | 0 |
_aSB363 _b.B785 2001 |
| 082 | 0 | 0 |
_a583/.73 _221 |
| 100 | 1 | _aBulla, Clyde Robert. | |
| 245 | 1 | 2 |
_aA tree is a plant / _cby Clyde Robert Bulla ; illustrated by Stacey Schuett. |
| 250 | _aFirst Scholastic printing, September 2002 | ||
| 260 |
_aNew York : _bScholastic, _c2002. |
||
| 300 |
_a35 pages : _bcolor illustratios ; _c21 x 25 cm. |
||
| 490 | _aLet's read and find out science | ||
| 500 | _aOriginally published: New York : Crowell, [1960]. | ||
| 505 | _aG | ||
| 520 | _aA tree is the biggest plant that grows. Trees can live for a very long time, and they are alive all year long, even when they look dead in winter. In this newly illustrated book, you will learn how a tree grows and how it gets food and water. You can also find out what happens to water after it travels through a tree's roots, branches, and leaves, and how to figure out a tree's age. Clyde Robert Bulla's simple and concise text and Stacey Schuett's lush illustrations follow a tree's continuous life cycle through spring, summer, winter, and fall. | ||
| 521 |
_a420
_bLexile |
||
| 521 |
_aG
_bRaz-Plus |
||
| 650 | 0 |
_aApples _xLife cycles _vJuvenile literature. |
|
| 650 | 0 |
_aApples _vJuvenile literature. |
|
| 650 | 1 | _aApples. | |
| 650 | 1 | _aTrees. | |
| 700 | 1 |
_aSchuett, Stacey, _eillustrator |
|
| 906 |
_a7 _bcbc _corignew _d1 _eocip _f20 _gy-gencatlg |
||
| 942 |
_2ddc _cBK _n0 |
||
| 999 |
_c720 _d720 |
||